000
00261nam a22001217a 4500
008
171208b xxu||||| |||| 00| 0 eng d
041
_a
eng
080
_a
621
100
_a
27
101
_a
INXH
245
_a
DATEN- ORGANISATION
_c
WEDEKIND, H
942
_2
udc
_c
BK
999
_c
38843
_d
38843